| 000 | 01478nam a2200337Ia 4500 | ||
|---|---|---|---|
| 001 | ebr10186856 | ||
| 003 | CaPaEBR | ||
| 006 | m u | ||
| 007 | cr cn||||||||| | ||
| 008 | 070626s2007 ne a sb 101 0 eng d | ||
| 020 | _z9781586037581 | ||
| 020 | _z1586037587 | ||
| 040 |
_aCaPaEBR _cCaPaEBR |
||
| 035 | _a(OCoLC)648307895 | ||
| 050 | 1 | 4 |
_aQ334 _b.A345 2006eb |
| 111 | 2 |
_aAGI Workshop _d(2006 : _cWashington, D.C.) |
|
| 245 | 1 | 0 |
_aAdvances in artificial general intelligence _h[electronic resource] : _bconcepts, architectures and algorithms : proceedings of the AGI Workshop 2006 / _cedited by Ben Goertzel and Pei Wang. |
| 260 |
_aAmsterdam ; _aWashington : _bIOS Press, _cc2007. |
||
| 300 |
_aviii, 295 p. : _bill. |
||
| 490 | 1 |
_aFrontiers in artificial intelligence and applications ; _vv. 157 |
|
| 504 | _aIncludes bibliographical references and index. | ||
| 533 |
_aElectronic reproduction. _bPalo Alto, Calif. : _cebrary, _d2009. _nAvailable via World Wide Web. _nAccess may be limited to ebrary affiliated libraries. |
||
| 650 | 0 |
_aArtificial intelligence _vCongresses. |
|
| 650 | 0 | _aSelf-organizing systems. | |
| 655 | 7 |
_aElectronic books. _2local |
|
| 700 | 1 | _aGoertzel, Ben. | |
| 700 | 1 | _aWang, Pei. | |
| 710 | 2 | _aebrary, Inc. | |
| 830 | 0 |
_aFrontiers in artificial intelligence and applications ; _vv. 157. |
|
| 856 | 4 | 0 |
_uhttp://site.ebrary.com/lib/rucke/Doc?id=10186856 _zAn electronic book accessible through the World Wide Web; click to view |
| 999 |
_c234601 _d234601 |
||